000 00410nam a2200121Ia 4500
008 220901s9999||||xx |||||||||||||| ||und||
082 _a005.71 ACM
100 _aACM(Association Computing Machinery)
_914217
245 0 _aACM SIGCOMM: communication and computer networks
250 _aVol, 36 Issue No. 1, 2 & 3
260 _bACM(Association Computing Machinery)
_c2006
650 _aComputer Communication Review
999 _c193292
_d193292